|
|
|
|
| LEADER |
01608nam a2200409Ia 4500 |
| 001 |
EBC3420476 |
| 003 |
MiAaPQ |
| 005 |
20200520144314.0 |
| 006 |
m o d | |
| 007 |
cr cn||||||||| |
| 008 |
090430s2009 ctua sb 001 0 eng d |
| 010 |
|
|
|z 2009018208
|
| 020 |
|
|
|z 9780300141610 (alk. paper)
|
| 035 |
|
|
|a (MiAaPQ)EBC3420476
|
| 035 |
|
|
|a (Au-PeEL)EBL3420476
|
| 035 |
|
|
|a (CaPaEBR)ebr10343523
|
| 035 |
|
|
|a (CaONFJC)MIL235236
|
| 035 |
|
|
|a (OCoLC)923593192
|
| 040 |
|
|
|a MiAaPQ
|c MiAaPQ
|d MiAaPQ
|
| 050 |
|
4 |
|a HC79.C6
|b A42 2009
|
| 082 |
0 |
4 |
|a 333.7
|2 22
|
| 100 |
1 |
|
|a Ali, Saleem H.
|q (Saleem Hassan),
|d 1973-
|
| 245 |
1 |
0 |
|a Treasures of the earth
|h [electronic resource] :
|b need, greed, and a sustainable future /
|c Saleem H. Ali.
|
| 260 |
|
|
|a New Haven ;
|a London :
|b Yale University Press,
|c c2009.
|
| 300 |
|
|
|a xiii, 289 p. :
|b ill.
|
| 504 |
|
|
|a Includes bibliographical references and index.
|
| 533 |
|
|
|a Electronic reproduction. Ann Arbor, MI : ProQuest, 2015. Available via World Wide Web. Access may be limited to ProQuest affiliated libraries.
|
| 650 |
|
0 |
|a Consumption (Economics)
|x Environmental aspects.
|
| 650 |
|
0 |
|a Consumption (Economics)
|x Moral and ethical aspects.
|
| 650 |
|
0 |
|a Sustainable development.
|
| 650 |
|
0 |
|a Environmental policy.
|
| 650 |
|
0 |
|a Natural resources
|x Environmental aspects.
|
| 650 |
|
0 |
|a Raw materials
|x Environmental aspects.
|
| 650 |
|
0 |
|a Conservation of natural resources.
|
| 655 |
|
4 |
|a Electronic books.
|
| 710 |
2 |
|
|a ProQuest (Firm)
|
| 856 |
4 |
0 |
|u https://ebookcentral.proquest.com/lib/matrademy/detail.action?docID=3420476
|z Click to View
|